Statistics for This is New Zealand - Pictures

Click here to take the quiz!

General Stats

  • This quiz has been taken 93 times
  • The average score is 10 of 16

Answer Stats

Answer% Correct
Kiwi
99%
Auckland
87%
All Blacks / Haka
86%
Maori
84%
North Island
84%
South Island
84%
Kiwi Fruit
83%
Edmund Hillary
65%
Mt. Cook / Aoraki
59%
Geyser / Rotorua
54%
Sky Tower Auckland
54%
Kea / Parrot
48%
Milford Sound
33%
Sir Ernest Rutherford
33%
Ruapehu
19%
Mt Damper Falls
5%

Score Distribution

Percentile by Number Answered

Percent of People with Each Score

Your Score History

You have not taken this quiz